000 00578nam a2200181 i 4500
001 93539
003 ES-MaACL
005 20230906181244.0
007 t|
008 050413s1984 sp ||||1| spa d
020 _a84-600-2762-2
100 1 _aLópez Alvarez, Juan.
_973394
245 1 0 _aFederico de Castro y Fernández (1834-1903)
_b: filósofo e historiador de la filosofía /
_cJuan López Alvarez.
260 _aCádiz :
_bUniversidad,
_c1984.
300 _a187 p. :
_bil. ;
_c20 cm.
710 2 _aUniversidad de Cádiz.
_9171718
852 _aES-MaACL
_jL-11356
_bR.110681
999 _c93539
_d93539